Vizualizácia paralelných časových radov pomocou časových stromov

Guardado en:
Detalles Bibliográficos
Autor principal: Schwartz, Štefan (Autor)
Otros Autores: Martonová, Alena (Orientador)
Formato: Manuscrito Libro
Lenguaje:eslovaco
Publicado: 2019
Materias:
Acceso en línea:http://is.stuba.sk/zp/portal_zp.pl?podrobnosti=138067
Etiquetas: Agregar Etiqueta
Sin Etiquetas, Sea el primero en etiquetar este registro!

MARC

LEADER 00000ntm a22000003a 4500
001 stuzp74884
003 SK-STU
005 20190622212326.8
007 ta
008 150427s2015----xo-----f-mn---000-0-slo-d
040 |a STU  |b slo 
041 0 |a slo 
100 1 |a Schwartz, Štefan  |u 070200  |k Z4  |4 aut  |U FIIT Fakulta informatiky a informačných technológií  |T FIIT Ústav informatiky, informačných systémov a softvérového inžinierstva  |X 5750  |U I200  |Y 179  |7 5750 
242 0 1 |a Visualization of parallel time-series using timeline trees  |y eng 
245 1 0 |a Vizualizácia paralelných časových radov pomocou časových stromov 
260 |c 2019 
650 4 |a vizualizácia  |2 slo 
650 4 |a paralelné časové rady  |2 slo 
650 4 |a časové stromy  |2 slo 
650 4 |a Visualization  |2 eng 
650 4 |a parallel time-series  |2 eng 
650 4 |a timeline trees  |2 eng 
700 1 |a Martonová, Alena  |u 070200  |k Z1  |4 ths  |U FIIT Fakulta informatiky a informačných technológií  |T FIIT Ústav informatiky, informačných systémov a softvérového inžinierstva  |X 38836  |U I200  |Y 179  |7 38836 
856 4 |u http://is.stuba.sk/zp/portal_zp.pl?podrobnosti=138067 
996 |c I*DP44/19  |l II680  |s P  |a 0  |w stuzp74884_0001